书目信息 |
| 题名: |
科学发展报告 1997
|
|
| 作者: | 中国科学院 | |
| 分册: | ||
| 出版信息: | 北京 科学出版社 1998.12 |
|
| 页数: | 312页 | |
| 开本: | 16开 | |
| 丛书名: | ||
| 单 册: | ||
| 中图分类: | ||
| 科图分类: | ||
| 主题词: | 自然科学--现状 , 自然科学--概况 | |
| 电子资源: | ||
| ISBN: | 7-03-007077-1 | |
| 000 | 00596nam0 2200217 45 | |
| 001 | 9909081545 | |
| 005 | 19990908153311.9 | |
| 010 | @a7-03-007077-1@d30.00元 | |
| 100 | @a19990908d1998 km y0chiy0120 ea | |
| 101 | @achi | |
| 105 | @a z 000yy | |
| 200 | 1 | @a科学发展报告 1997@AKe Xue Fa Zhan Bao Gao 1997@f中国科学院@FZhong Guo Ke Xue Yuan |
| 210 | @a北京@c科学出版社@d1998.12 | |
| 215 | @a312页@d16开 | |
| 606 | 0 | @a自然科学@x现状 |
| 606 | 0 | @a自然科学@x概况 |
| 690 | @v3 | |
| 690 | @aN11 | |
| 701 | @a中国科学院 | |
| 801 | @aCN@bPFTUser@c19990908 | |
| 905 | @f3@b40288-290@dN11@eZH:371 | |
| 科学发展报告 1997/中国科学院.-北京:科学出版社,1998.12 |
| 312页;16开 |
| ISBN 7-03-007077-1:30.00元 |
| ● |
| 相关链接 |
|
|
|
正题名:科学发展报告1997
索取号:N11/ZH:371
 
预约/预借
| 序号 | 登录号 | 条形码 | 馆藏地/架位号 | 状态 | 备注 |
| 1 | 40288 | 200402885 | 期刊室512/401自科库 136排1列3层/ [索取号:N11/ZH:371] | 在馆 | |
| 2 | 40289 | 200402894 | 期刊室512/401自科库 136排1列3层/ [索取号:N11/ZH:371] | 在馆 | |
| 3 | 40290 | 200402901 | 自科库401/401自科库 138排2列3层/ [索取号:N11/ZH:371] | 在馆 |